[Event "Wellington CC Autumn Cup-A"]
[Site "Wellington"]
[Date "2016.05.05"]
[Round "3"]
[White "Croad, Nicholas"]
[Black "Thomas, Benjamin"]
[Result "1-0"]
[WhiteElo "2412"]
[BlackElo "2203"]
[PlyCount "21"]
[EventDate "2016.04.21"]
[EventType "tourn"]
[EventRounds "5"]
[EventCountry "NZL"]
[EventCategory "4"]
[SourceTitle "EXT 2018"]
[Source "ChessBase"]
[SourceDate "2017.10.13"]
[SourceVersion "1"]
[SourceVersionDate "2017.10.13"]
[SourceQuality "1"]

1. d4 e6 2. Nf3 f5 3. g3 Nf6 4. Bg2 d5 5. 0-0 Bd6 6. c4 c6 7. Nc3 0-0 8. Qc2 Nbd7 9. cxd5 exd5 10. Qxf5 Ne4 11. Qe6+ 1-0

[Event "Wellington CC Summer Cup"]
[Site "Wellington"]
[Date "2016.02.25"]
[Round "6"]
[White "Thomas, Benjamin"]
[Black "Kulkarni, Yogesh"]
[Result "0-1"]
[WhiteElo "2203"]
[BlackElo "1430"]
[PlyCount "66"]
[EventDate "2016.01.21"]
[EventType "swiss"]
[EventRounds "8"]
[EventCountry "NZL"]
[SourceTitle "EXT 2018"]
[Source "ChessBase"]
[SourceDate "2017.10.13"]
[SourceVersion "1"]
[SourceVersionDate "2017.10.13"]
[SourceQuality "1"]

1. e4 c6 2. d4 d5 3. e5 Bf5 4. Nf3 h6 5. Be2 e6 6. Nbd2 c5 7. c3 Nc6 8. 0-0 Qb6 9. dxc5 Bxc5 10. Nb3 Nge7 11. Nxc5 Qxc5 12. Be3 Qa5 13. Re1 0-0 14. b4 Qc7 15. Bc5 Rfd8 16. Bd6 Qd7 17. b5 Na5 18. Nd4 Rac8 19. Qa4 Nc4 20. Bxe7 Qxe7 21. f4 Be4 22. Bxc4 Rxc4 23. Qxa7 Qh4 24. Ne2 Qg4 25. Qf2 Bd3 26. h3 Qg6 27. Rac1 Rdc8 28. g4 Bxe2 29. Rxe2 Rxc3 30. Rxc3 Rxc3 31. Kh2 Qd3 32. Qg2 Qxb5 33. f5 Qd3 0-1

[Event "NZL-ch 120th"]
[Site "Wellington"]
[Date "2013.01.06"]
[Round "7"]
[White "Milligan, Helen"]
[Black "Thomas, Benjamin"]
[Result "0-1"]
[WhiteElo "2013"]
[BlackElo "2260"]
[PlyCount "52"]
[EventDate "2012.12.31"]
[EventType "swiss"]
[EventRounds "11"]
[EventCountry "NZL"]
[SourceTitle "CBM 152 Extra"]
[Source "ChessBase"]
[SourceDate "2013.02.25"]
[SourceVersion "1"]
[SourceVersionDate "2013.02.25"]
[SourceQuality "1"]

1. e4 d5 2. exd5 Qxd5 3. Nc3 Qd6 4. Nf3 Nf6 5. d4 a6 6. h3 Nc6 7. Be3 g6 8. Qd2 Bf5 9. Bd3 Bxd3 10. Qxd3 Bg7 11. 0-0 0-0 12. Rad1 Nb4 13. Qe2 Nbd5 14. Nxd5 Nxd5 15. Bc1 b5 16. c4 bxc4 17. Qxc4 e6 18. Rfe1 Rfc8 19. Qe2 c5 20. dxc5 Qxc5 21. Ne5 Qc2 22. Qf3 Ra7 23. Nd3 Qa4 24. a3 Qb3 25. Qg4 Rac7 26. Ne5 Bxe5 0-1

[Event "IECC O email"]
[Site "IECC email"]
[Date "2000.06.25"]
[Round "?"]
[White "Thomas, Benjamin"]
[Black "Price, Chris I"]
[Result "1-0"]
[WhiteElo "1043"]
[BlackElo "1003"]
[PlyCount "29"]
[EventDate "2000.??.??"]
[EventType "tourn (corr)"]
[EventRounds "6"]
[SourceTitle "Corr 2008"]
[Source "ChessBase"]
[SourceDate "2008.06.24"]
[SourceVersion "1"]
[SourceVersionDate "2008.06.24"]
[SourceQuality "1"]

1. d4 Nf6 2. e3 e6 3. Bd3 Bd6 4. f4 0-0 5. Nf3 Re8 6. e4 Ng4 7. e5 Bb4+ 8. c3 Ba5 9. Ng5 g6 10. Qxg4 b6 11. Qh4 h5 12. g4 Bb7 13. gxh5 Bxh1 14. hxg6 Rf8 15. Qh7# 1-0

[Event "IECC M email"]
[Site "IECC email"]
[Date "1998.09.25"]
[Round "?"]
[White "Thomas, Benjamin"]
[Black "Oestmark, Soeren"]
[Result "0-1"]
[WhiteElo "1176"]
[BlackElo "1276"]
[PlyCount "48"]
[EventDate "1998.??.??"]
[EventType "tourn (corr)"]
[EventRounds "12"]
[SourceTitle "Corr 2008"]
[Source "ChessBase"]
[SourceDate "2008.06.24"]
[SourceVersion "1"]
[SourceVersionDate "2008.06.24"]
[SourceQuality "1"]

1. e4 e5 2. Nf3 Nc6 3. Bc4 Bc5 4. Nxe5 Nxe5 5. d4 Nxc4 6. dxc5 Qf6 7. Nc3 Ne7 8. Nd5 Nxd5 9. Qxd5 Ne5 10. f4 Nc6 11. Rf1 Qh4+ 12. Rf2 Qxh2 13. Qg5 Qg1+ 14. Ke2 0-0 15. f5 Nd4+ 16. Kd3 Qxf2 17. Be3 Qxc2+ 18. Kxd4 Qxb2+ 19. Kd3 Qxa1 20. Bd4 Qd1+ 21. Kc4 b5+ 22. Kc3 b4+ 23. Kc4 Ba6+ 24. Kd5 c6+ 0-1